Gaming Quiz

Random Gaming or Board Games Quiz

Board Game Cakes Quiz Stats

 Plays Quiz Updated Jan 16, 2019

Support Sporcle.
Go Orange.
Score 0/20 Timer 04:00
9 Plays Today
% Correct
Monopoly
99.6%
Clue(do)
94.6%
Snakes and Ladders
90.9%
Chess
90.2%
Scrabble
87.3%
Risk
83%
The Game of Life
81.1%
Operation
80.5%
Candyland
79.7%
Hungry Hungry Hippos
78.8%
% Correct
Trivial Pursuit
75.4%
Chinese Checkers
69.1%
Sorry!
60.9%
Catan
47.2%
Parcheesi
41%
Cranium
36.9%
Ticket to Ride
34.2%
Blokus
14.7%
Carcassonne
13.8%
Acquire
3%

From the Vault

The Author's Life

by MoMosMoProblems

They probably spent a significant portion of it typing.
Remove Ads.
Support Sporcle.
Get the best of Sporcle when you Go Orange. This ad-free experience offers more features, more stats, and more fun while also helping to support Sporcle. Thank you for becoming a member.

Show Comments

Extras

Top Quizzes Today


Score Distribution

Your Account Isn't Verified!

In order to create a playlist on Sporcle, you need to verify the email address you used during registration. Go to your Sporcle Settings to finish the process.

Report this User

Report this user for behavior that violates our Community Guidelines.

Details: